1460 1085 1919 1329 1039 1177 1205 1227 1611 1515 1172 1292 1815 1403 1406 1925 1074 1853 1973 1040 1407 1578 1550 1227 1302 1269 1538 1851 1716 1355 1181 1988 1288 1248 1022 1273 1508 1042 1656 1218 1011 1433 1049 1902 1538 1887 1536 1975 1715 1085 1512 1168 1210 1076 1480 1825 1782 1040 1542 1596 1199 1799 1356 1560 1997 1809 1004 1528 1187 1081 1899 1160 1164 1512 1143 1786 1590 1077 1359 1018 1282 1864 1805 1501 1995 1661 1488 1574 1021 1358 1194 1506 1730 1731 1220 1444 1577 1789 1698 BCNSPRNW ULIB Ver.6.0+V

เปลี่ยนเป็นภาษาไทย

Change to English
 แสดงรายละเอียดบรรณานุกรม
  กลับหน้าหลัก

Brief Record : Get Marc (ISO 2709) : E-mail record : QR code < ปิดหน้าต่าง
LEADER : 00000nam 2200000uu 4500
001    13399122898
003     ULIB
008    131028s2010||||th 000 0 eng d
020    ^a9781437701708 (pbk.)
060 04 ^aQZ17^bK63r 2010
100 1  ^aKlatt, Edward C.,^d1951-
245 10 ^aRobbins and Cotran atlas of pathology /^cEdward C. Klatt
246 30 ^aAtlas of pathology
250    ^a2nd ed.
260    ^aPhiladelphia, Pa. :^bSaunders/Elsevier,^c2010
300    ^axii, 577 p. :^bill. (some col.) ;^c28 cm.
500    ^aIncludes index
505 0  ^aBlood vessels -- The heart -- Hematopathology -- Red bloodcell disorders -- The lung -- Head and neck -- The gastrointestinal tract -- The liver and biliary tract -- The pancreas -- The kidney -- The lower urinary tract -- The male genital tract -- The female genital tract -- The breast -- The endocrine system -- The skin -- Bones, joints, and soft tissue tumors -- Peripheral nerve and skeletal muscle -- The central nervous system -- The eye
650  2 ^aPathology^vAtlases
700 1  ^aRobbins, Stanley L.^q(Stanley Leonard),^d1915-2003
700 1  ^aCotran, Ramzi S.,^d1932-2000
945    ^p0^l0^i034116
999    ^aเกษร โพธิ์สุวรรณ
รายการนี้ยังไม่มีแท็ก
คุณยังไม่ได้ล็อกอิน คุณสามารถมีกิจกรรมร่วมกับเว็บไซต์ได้ แต่ต้องล็อกอินก่อน ::
  ล็อกอิน

รายการสื่อสารสนเทศ

ลำดับที่ ประเภท เลขเรียก/บาร์โค้ด สถานที่ สถานะ
1. Book การพยาบาล
Book การพยาบาล
QZ17 K63r 2010  
  Barcode: 034116
ห้องสมุดวิทยาเขตสวรรค์ประชารักษ์
►หนังสือทั่วไป
บนชั้น

BibComment


ยังไม่เคยถูกคอมเมนท์

คอมเมนท์ทรัพยากรรายการนี้
  คอมเมนท์: Robbins and Cotr..


 Copyright 2026. Bcnsprnw @Library